| 000 | 00370nam a22001577a 4500 | ||
|---|---|---|---|
| 005 | 20250731092356.0 | ||
| 008 | 250731b |||||||| |||| 00| 0 eng d | ||
| 020 |
_a9780883853399 _qhbp |
||
| 041 | _aeng | ||
| 082 |
_a510.76 _bKEN |
||
| 100 | _aKendig | ||
| 245 |
_aSink Or Float _cKendig |
||
| 260 | _bCambridge University Press | ||
| 700 | _aKendig | ||
| 942 | _cREF | ||
| 999 |
_c578127 _d578127 |
||